00274nam a2200109Ia 450000500170000000800410001710000170005824500510007526000130012630000100013965000150014920260328104325.0260328s9999||||xx |||||||||||||| ||und|| aMercier, Eve 0aL¨INde le Nepal et Sri Lanka /cEve Mercier bLarousse a79 p. aSiri Lanka